LDR 00830naa#a2200193#i#450# 001 EN\\bibl\120272 005 20260416185936.4 011 ## _a1819-4036 100 ## _a20210331b2021####ek#y0engy0150####ca 102 ## _aRU 200 1# _aINFLUENCE OF A PROBIOTIC PREPARATION BASED ON SPOT-FORMING BACTERIA ON THE PIGLETS' ORGANISM _eJournal article 210 1# _aKrasnoyarsk _cKrasnoyarsk State Agrarian University _d2021 215 ## _a5 с. 608 ## _aJournal article _2local 675 ## _aОбщее животноводство. Разведение млекопитающих животных и птиц. Скотоводство. Домашние животные и их разведение. 636 _z 700 #1 _aProskurina _gLyudmila Ivanovna 700 #1 _aEnns _gElena Mihaylovna 700 #1 _aRepsh _gNatal'ya Viktorovna 856 4# _avestnik.kgau.ru _u